[Event "DEM U10 2005"]
[Site "Willingen GER"]
[Date "2005.05.19"]
[Round "8"]
[White "Haryanto, Selina"]
[Black "Grünwald, Sven"]
[Result "0-1"]
[Termination "normal"]
[Board "23"]
[WhiteElo "913"]
[BlackElo "1323"]
[PlyCount "76"]
[BlackFideId "24629642"]
[EventCountry "GER"]
[EventRounds "11"]
[EventType "swiss"]
[EventDate "2005.05.15"]

1. e4 c6 2. Nc3 d5 3. Nf3 Bg4 4. d4 e6 5. h3 Bh5 6. Be2 Bb4 7. exd5 cxd5 8. Bd2
Nc6 9. Ne5 Bxe2 10. Qxe2 Nxd4 11. Qd3 Bxc3 12. Bxc3 Nf5 13. O-O a6 14. Qf3 Nf6
15. Rad1 O-O 16. Bb4 Re8 17. Rfe1 Nd7 18. Qh5 Nxe5 19. Rxe5 Qb6 20. a3 a5 21.
Bc3 d4 22. Bd2 Qxb2 23. Bxa5 Qxa3 24. Bb6 Qb2 25. g4 f6 26. gxf5 fxe5 27. Ba5
Rf8 28. fxe6 Qxc2 29. Bb4 Qxf2+ 30. Kh1 Ra2 31. Rd2 Rxd2 32. Bxd2 Qxd2 33. Qg4
Rf1+ 34. Qg1 Rxg1+ 35. Kxg1 Kf8 36. h4 e4 37. h5 e3 38. Kf1 Qf2# 0-1

[Event "DEM U10 2005"]
[Site "Willingen GER"]
[Date "2005.05.19"]
[Round "8"]
[White "Gerntke, Oliver"]
[Black "Günthner, Arthur"]
[Result "0-1"]
[Termination "normal"]
[Board "24"]
[WhiteElo "1085"]
[BlackElo "1245"]
[PlyCount "48"]
[WhiteFideId "24647977"]
[EventCountry "GER"]
[EventRounds "11"]
[EventType "swiss"]
[EventDate "2005.05.15"]

1. d4 d5 2. c4 e6 3. Nc3 Nf6 4. Bg5 Nc6 5. cxd5 exd5 6. e3 h6 7. Bh4 Be7 8. Bd3
O-O 9. Nf3 Be6 10. h3 Qd7 11. Bb1 Bf5 12. Bxf5 Qxf5 13. Qb3 Rab8 14. Bxf6 Bxf6
15. Nxd5 Qe6 16. Nxf6+ Qxf6 17. O-O Rfe8 18. Qd1 Rbd8 19. Ne1 Na5 20. Qf3 Qb6
21. Nd3 Nc4 22. Qe2 Qxd4 23. Rfd1 Nxe3 24. fxe3 Rxe3 0-1

[Event "DEM U10 2005"]
[Site "Willingen GER"]
[Date "2005.05.19"]
[Round "8"]
[White "Rethmann, Kristin"]
[Black "Spangenberg, Romy"]
[Result "0-1"]
[Termination "normal"]
[Board "25"]
[WhiteElo "863"]
[BlackElo "1239"]
[PlyCount "110"]
[WhiteFideId "24655805"]
[BlackFideId "4627997"]
[EventCountry "GER"]
[EventRounds "11"]
[EventType "swiss"]
[EventDate "2005.05.15"]

1. e4 c5 2. Nc3 e6 3. g3 Nc6 4. Bg2 Qc7 5. d3 Nf6 6. Nf3 a6 7. O-O Be7 8. Be3
O-O 9. Qd2 d5 10. exd5 exd5 11. Bf4 Bd6 12. Bxd6 Qxd6 13. Rae1 Bg4 14. h3 Be6
15. Ng5 Bd7 16. Ne2 h6 17. Nf3 b5 18. b3 Rfe8 19. Nf4 a5 20. g4 b4 21. Nh5 Nxh5
22. gxh5 a4 23. Rxe8+ Rxe8 24. Qd1 Qf4 25. Nd2 axb3 26. axb3 Rd8 27. Re1 Nd4
28. Qc1 Qg5 29. Qd1 Bc6 30. Kf1 Bd7 31. Nf3 Nxf3 32. Bxf3 Bxh3+ 33. Ke2 Re8+
34. Be4 Bg4+ 35. f3 Bh3 36. Rg1 Qe5 37. Kd2 dxe4 38. Re1 Qf4+ 39. Re3 exd3 40.
Qe1 dxc2 41. Kd3 Qxe3+ 42. Qxe3 Rxe3+ 43. Kxc2 Rxf3 44. Kb2 Rf2+ 45. Kc1 f5 46.
Kd1 f4 47. Ke1 Rh2 48. Kd1 f3 49. Ke1 f2+ 50. Kd2 f1=Q+ 51. Ke3 Rb2 52. Ke4
Qf5+ 53. Ke3 Rxb3+ 54. Ke2 Qc2+ 55. Ke1 Rb1# 0-1

[Event "DEM U10 2005"]
[Site "Willingen GER"]
[Date "2005.05.19"]
[Round "8"]
[White "Stuhler, Kilian"]
[Black "Riebold, Johannes"]
[Result "1/2-1/2"]
[Termination "normal"]
[Board "26"]
[WhiteElo "1087"]
[BlackElo "1221"]
[PlyCount "63"]
[EventCountry "GER"]
[EventRounds "11"]
[EventType "swiss"]
[EventDate "2005.05.15"]

1. e4 e5 2. Nf3 Nc6 3. Bc4 Nf6 4. Nc3 Bc5 5. d3 h6 6. O-O d6 7. Be3 Bxe3 8.
fxe3 Bg4 9. h3 Bd7 10. Re1 Qe7 11. d4 exd4 12. exd4 O-O 13. Qd2 Rfe8 14. Nd5
Qd8 15. Nxf6+ Qxf6 16. Rad1 Re7 17. Re2 Rae8 18. Rde1 Qg6 19. Nh4 Qg5 20. Qxg5
hxg5 21. Nf3 g4 22. hxg4 Bxg4 23. c3 Na5 24. Bb3 Nxb3 25. axb3 f5 26. e5 Kf7
27. Kf2 Kf8 28. Re3 a5 29. Kg3 Bxf3 30. Kxf3 Kf7 31. Kf4 g6 32. exd6 1/2-1/2

[Event "DEM U10 2005"]
[Site "Willingen GER"]
[Date "2005.05.19"]
[Round "8"]
[White "Schäfer, Daniela"]
[Black "Oltzen, Aljoscha"]
[Result "1/2-1/2"]
[Termination "normal"]
[Board "27"]
[WhiteElo "1233"]
[BlackElo "933"]
[PlyCount "66"]
[WhiteFideId "4624769"]
[EventCountry "GER"]
[EventRounds "11"]
[EventType "swiss"]
[EventDate "2005.05.15"]

1. e4 e6 2. d4 d5 3. exd5 exd5 4. Bd3 Bd6 5. Nf3 Nc6 6. Be3 Nge7 7. c3 Bg4 8.
h3 Bh5 9. Nbd2 Qd7 10. Qc2 Bg6 11. O-O f6 12. Rfe1 O-O-O 13. b4 Bxd3 14. Qxd3
Ng6 15. a4 Nf4 16. Bxf4 Bxf4 17. a5 a6 18. b5 axb5 19. Qxb5 Na7 20. Qxd7+ Rxd7
21. a6 bxa6 22. Rxa6 Kb7 23. Rea1 Nc6 24. Nb3 Bd6 25. Nfd2 Rdd8 26. c4 dxc4 27.
Nxc4 Ra8 28. Rxa8 Rxa8 29. Rxa8 Kxa8 30. Kf1 Kb7 31. Nxd6+ cxd6 32. Ke2 d5 33.
Kd3 Kc7 1/2-1/2

[Event "DEM U10 2005"]
[Site "Willingen GER"]
[Date "2005.05.19"]
[Round "8"]
[White "Matschewsky, Justus"]
[Black "Steinicke, Rebecca"]
[Result "0-1"]
[Termination "normal"]
[Board "28"]
[WhiteElo "1235"]
[BlackElo "1019"]
[PlyCount "56"]
[WhiteFideId "24678708"]
[EventCountry "GER"]
[EventRounds "11"]
[EventType "swiss"]
[EventDate "2005.05.15"]

1. e4 e5 2. Nf3 Nc6 3. Bc4 Nf6 4. Ng5 d5 5. exd5 Nd4 6. Nc3 Bc5 7. d6 Qxd6 8.
Nxf7 Qc6 9. Nxh8 Qxg2 10. Rf1 Nf3+ 11. Ke2 Bg4 12. Kd3 O-O-O+ 13. Nd5 e4+ 14.
Kc3 Nxd5+ 15. Bxd5 Rxd5 16. d3 Rd4 17. Be3 Rd5 18. Qc1 Qxh2 19. Rh1 Qe5+ 20.
Kb3 Nd4+ 21. Bxd4 Qxd4 22. c3 Qe5 23. d4 Bxd4 24. cxd4 Qxd4 25. Qc4 Qb6+ 26.
Qb4 Rd3+ 27. Ka4 Bd7+ 28. Qb5 Qxb5# 0-1

[Event "DEM U10 2005"]
[Site "Willingen GER"]
[Date "2005.05.19"]
[Round "8"]
[White "Schäfer, Ann-Kathrin"]
[Black "Hauffen, Franziska"]
[Result "0-1"]
[Termination "normal"]
[Board "30"]
[WhiteElo "1118"]
[BlackElo "1014"]
[PlyCount "48"]
[WhiteFideId "24615412"]
[EventCountry "GER"]
[EventRounds "11"]
[EventType "swiss"]
[EventDate "2005.05.15"]

1. d4 d5 2. Nf3 e6 3. Bf4 Nf6 4. e3 Be7 5. Nbd2 Nbd7 6. Bd3 b6 7. Bg5 Bb7 8. c3
c5 9. Rc1 O-O 10. Bb1 Ba6 11. Qc2 Rc8 12. Ne5 Nxe5 13. dxe5 Ne4 14. Bxe7 Qxe7
15. Nxe4 dxe4 16. Qxe4 g6 17. h4 Bb7 18. Qc2 Bxg2 19. Rh2 Bf3 20. h5 Rfd8 21.
hxg6 fxg6 22. Rh3 Qg5 23. Kf1 Qg2+ 24. Ke1 Qg1# 0-1

[Event "DEM U10 2005"]
[Site "Willingen GER"]
[Date "2005.05.19"]
[Round "8"]
[White "Barden, Andrea"]
[Black "Volz, Alexander"]
[Result "0-1"]
[Termination "normal"]
[Board "31"]
[WhiteElo "990"]
[BlackElo "1117"]
[PlyCount "104"]
[WhiteFideId "24698822"]
[BlackFideId "4669126"]
[EventCountry "GER"]
[EventRounds "11"]
[EventType "swiss"]
[EventDate "2005.05.15"]

1. c4 e6 2. Nc3 d5 3. cxd5 exd5 4. e3 Nf6 5. d4 c6 6. Bd3 Bd6 7. Nf3 Qc7 8. O-O
Bg4 9. g3 O-O 10. Be2 Bh3 11. Re1 Nbd7 12. Nd2 Rfe8 13. Bf3 Nf8 14. Bg2 Bxg2
15. Kxg2 Ng6 16. Nf3 Re7 17. Qd3 Ne4 18. Qc2 Rae8 19. Bd2 Nxc3 20. Bxc3 h6 21.
b3 Nf8 22. Qd3 Nh7 23. Ne5 Bxe5 24. dxe5 Ng5 25. Qd4 a6 26. Qg4 Ne4 27. Bd4 Qc8
28. e6 f6 29. Qg6 Qxe6 30. f3 Ng5 31. h4 Nh7 32. e4 Nf8 33. exd5 Qxe1 34. Rxe1
Nxg6 35. Rf1 Re2+ 36. Kh3 Re1 37. Rf2 R8e2 38. Rxe2 Rxe2 39. dxc6 bxc6 40. a3
Ne5 41. b4 Nxf3 42. Bc5 h5 43. g4 hxg4+ 44. Kxg4 Ne5+ 45. Kh5 g6+ 46. Kh6 Rh2
47. Bf2 Rxf2 48. h5 g5 49. b5 axb5 50. a4 Rd2 51. axb5 Rd7 52. bxc6 Rh7# 0-1

[Event "DEM U10 2005"]
[Site "Willingen GER"]
[Date "2005.05.19"]
[Round "8"]
[White "Klumpe, Jan-Karl"]
[Black "Peil, Christoph"]
[Result "1-0"]
[Termination "normal"]
[Board "32"]
[WhiteElo "936"]
[BlackElo "1096"]
[PlyCount "119"]
[BlackFideId "24651800"]
[EventCountry "GER"]
[EventRounds "11"]
[EventType "swiss"]
[EventDate "2005.05.15"]

1. e4 c5 2. c3 Nf6 3. f3 d6 4. d4 cxd4 5. cxd4 e6 6. Bd3 Be7 7. Ne2 O-O 8. Nbc3
Nc6 9. Be3 Bd7 10. O-O Qc7 11. Rc1 a6 12. d5 Ne5 13. dxe6 Bxe6 14. Na4 Qa5 15.
Nb6 Nxd3 16. Qxd3 Rad8 17. a3 d5 18. e5 Nd7 19. Nxd7 Rxd7 20. Nd4 Bg5 21. Nxe6
Bxe3+ 22. Qxe3 fxe6 23. Rfd1 Qb5 24. b4 Rfd8 25. Rd4 b6 26. Qb3 a5 27. a4 Qa6
28. Rc6 Qb7 29. Rxe6 Kf7 30. Rd6 Rxd6 31. exd6 Rxd6 32. bxa5 Qc6 33. axb6 Qxb6
34. Qxb6 Rxb6 35. Rxd5 Rb1+ 36. Kf2 Rb2+ 37. Kg3 Ke6 38. Ra5 Rb4 39. f4 Rb3+
40. Kg4 Rb4 41. g3 Kf6 42. h4 g6 43. h5 h6 44. Ra6+ Kg7 45. hxg6 Rc4 46. a5 Ra4
47. Kh5 Ra3 48. Ra7+ Kf6 49. Kxh6 Rxg3 50. Rf7+ Ke6 51. a6 Rh3+ 52. Kg7 Ra3 53.
Ra7 Rf3 54. Rf7 Ra3 55. a7 Ra4 56. Kf8 Rd4 57. a8=Q Kd6 58. Qd8+ Kc5 59. Rc7+
Kb5 60. Qb8+ 1-0

[Event "DEM U10 2005"]
[Site "Willingen GER"]
[Date "2005.05.19"]
[Round "8"]
[White "Pohl, Theresa"]
[Black "Hümmecke, Aaron"]
[Result "1-0"]
[Termination "normal"]
[Board "33"]
[WhiteElo "1049"]
[BlackElo "770"]
[PlyCount "69"]
[BlackFideId "24692522"]
[EventCountry "GER"]
[EventRounds "11"]
[EventType "swiss"]
[EventDate "2005.05.15"]

1. d4 d5 2. Nf3 Nf6 3. g3 Bf5 4. Bg2 c6 5. O-O Qc7 6. Nc3 h6 7. Bf4 Qd7 8. Re1
Bh3 9. e4 Bxg2 10. Kxg2 Nh5 11. Ne5 Nxf4+ 12. gxf4 Qd6 13. f5 f6 14. Qh5+ Kd8
15. Nf7+ Kd7 16. Nxd6 Kxd6 17. e5+ fxe5 18. Qg6+ Kd7 19. Qe6+ Kd8 20. Qxe5 Nd7
21. Qf4 g5 22. fxg6 Bg7 23. Qe3 Re8 24. f4 a6 25. Rad1 Nf6 26. Qe6 Nh5 27. Qf7
Rf8 28. Qxe7+ Kc8 29. Kg1 Nxf4 30. Qxg7 Kb8 31. Qxf8+ Ka7 32. Qxf4 c5 33. Nxd5
cxd4 34. Qxd4+ Kb8 35. Re8# 1-0

[Event "DEM U10 2005"]
[Site "Willingen GER"]
[Date "2005.05.19"]
[Round "8"]
[White "Marx, Inga"]
[Black "Titgemeyer, Sven"]
[Result "0-1"]
[Termination "normal"]
[Board "34"]
[WhiteElo "920"]
[BlackElo "1041"]
[PlyCount "40"]
[WhiteFideId "4654749"]
[BlackFideId "24676934"]
[EventCountry "GER"]
[EventRounds "11"]
[EventType "swiss"]
[EventDate "2005.05.15"]

1. e4 e5 2. Nf3 Nc6 3. Bc4 Nf6 4. d3 Bc5 5. Nc3 d6 6. Bg5 Be6 7. Bd5 O-O 8. O-O
Rb8 9. Qd2 Nd4 10. Nxd4 Bxd4 11. Rab1 c6 12. Bxe6 fxe6 13. Na4 b5 14. c3 Bxf2+
15. Rxf2 bxa4 16. b4 axb3 17. axb3 Qb6 18. Kh1 Nxe4 19. Rxf8+ Rxf8 20. Qc1 Nf2+
0-1

[Event "DEM U10 2005"]
[Site "Willingen GER"]
[Date "2005.05.19"]
[Round "8"]
[White "Dang, An-Hai"]
[Black "Bakalarz, Bianca"]
[Result "1-0"]
[Termination "normal"]
[Board "35"]
[WhiteElo "1038"]
[BlackElo "983"]
[PlyCount "145"]
[EventCountry "GER"]
[EventRounds "11"]
[EventType "swiss"]
[EventDate "2005.05.15"]

1. e4 c5 2. Nf3 Nc6 3. Bb5 Nf6 4. Nc3 e6 5. Bxc6 dxc6 6. d3 Be7 7. O-O O-O 8.
b3 Qc7 9. Ba3 Bd6 10. Re1 Ng4 11. h3 Bh2+ 12. Kf1 Nf6 13. e5 Nd7 14. Nxh2 Qa5
15. Bb2 c4 16. dxc4 Nxe5 17. Qd4 Ng6 18. Nb5 f6 19. Bc3 Qd8 20. Qxd8 Rxd8 21.
Nc7 Rb8 22. Nxe6 Bxe6 23. Rxe6 Kf7 24. Rae1 Nf8 25. Re7+ Kg8 26. Bd4 Rxd4 27.
Rc7 Nd7 28. Re7 Rd8 29. Rxb7 Kf8 30. Nf3 Kxe7 31. Nxd4 Ke8 32. Nxc6 Rc8 33.
Nxa7 Rc5 34. Rb5 Rxb5 35. Nxb5 Kd8 36. a4 Kc8 37. b4 Kb7 38. c3 Nb6 39. Nd6+
Ka6 40. a5 Na4 41. c5 Ka7 42. c6 Kb8 43. a6 Nb6 44. c4 Kc7 45. c5 Kxc6 46. cxb6
Kxb6 47. b5 Ka7 48. Ke2 g5 49. g4 h6 50. Ke3 Kb6 51. f4 Ka7 52. fxg5 fxg5 53.
Ke4 Kb6 54. Kf5 Ka7 55. Kg6 h5 56. gxh5 g4 57. hxg4 Kb6 58. h6 Ka7 59. h7 Kb6
60. h8=Q Kc5 61. a7 Kxd6 62. a8=R Kd7 63. b6 Kc6 64. Kh5 Kxb6 65. g5 Kc5 66. g6
Kd6 67. g7 Kd5 68. g8=R Ke4 69. Ra5 Ke3 70. Rg4 Kd3 71. Ra3+ Kc2 72. Rg2+ Kb1
73. Qa1# 1-0

[Event "DEM U10 2005"]
[Site "Willingen GER"]
[Date "2005.05.19"]
[Round "8"]
[White "Zeller, Elisa"]
[Black "Schnorr, Christian"]
[Result "0-1"]
[Termination "normal"]
[Board "36"]
[WhiteElo "794"]
[BlackElo "1143"]
[PlyCount "88"]
[WhiteFideId "24662410"]
[EventCountry "GER"]
[EventRounds "11"]
[EventType "swiss"]
[EventDate "2005.05.15"]

1. e4 c5 2. Bc4 Nc6 3. Nf3 g6 4. Nc3 Bg7 5. d3 d6 6. h3 Nf6 7. Bg5 O-O 8. Qd2
a6 9. O-O-O b5 10. Bd5 Nxd5 11. Nxd5 Be6 12. Nf4 Bxa2 13. d4 Nxd4 14. Nxd4 Bxd4
15. f3 Bg7 16. b3 c4 17. Nd5 Re8 18. Rhe1 cxb3 19. cxb3 Bxb3 20. e5 Bxd1 21.
Kxd1 Bxe5 22. f4 Bg7 23. Bxe7 Qb8 24. Bf6 Rxe1+ 25. Qxe1 Qe8 26. Ne7+ Kf8 27.
Bxg7+ Kxg7 28. Qc3+ f6 29. Nd5 Qf7 30. Qd4 Rc8 31. g4 Rc4 32. Qa1 Qxd5+ 33. Ke2
Qe4+ 34. Kf1 Qxf4+ 35. Ke1 Rc1+ 36. Qxc1 Qxc1+ 37. Kf2 b4 38. h4 b3 39. g5 b2
40. gxf6+ Kf8 41. Kf3 b1=Q 42. f7 Qd3+ 43. Kf2 Qcc2+ 44. Kg1 Qdd1# 0-1

[Event "DEM U10 2005"]
[Site "Willingen GER"]
[Date "2005.05.19"]
[Round "8"]
[White "Friedt, Marius"]
[Black "Bluhm, Sonja Maria"]
[Result "1-0"]
[Termination "normal"]
[Board "38"]
[WhiteElo "1127"]
[BlackElo "797"]
[PlyCount "73"]
[WhiteFideId "4642830"]
[BlackFideId "24654027"]
[EventCountry "GER"]
[EventRounds "11"]
[EventType "swiss"]
[EventDate "2005.05.15"]

1. e4 e5 2. Nf3 Nc6 3. Bc4 Bc5 4. c3 Nf6 5. d4 exd4 6. cxd4 Bb4+ 7. Nc3 Nxe4 8.
O-O Nxc3 9. bxc3 Bxc3 10. Ba3 d6 11. Rc1 Ba5 12. Qa4 O-O 13. d5 Ne5 14. Nxe5
dxe5 15. Bxf8 Kxf8 16. Qxa5 b6 17. Qa3+ Kg8 18. Rfe1 Qg5 19. Qe3 Qxe3 20. Rxe3
Bb7 21. Rxe5 h6 22. Rce1 Rf8 23. Re8 a5 24. Rxf8+ Kxf8 25. f4 a4 26. Kf2 a3 27.
g4 f6 28. Kg3 g6 29. h4 c6 30. d6 Bc8 31. Ba6 Bxa6 32. d7 Bc4 33. d8=Q+ Kg7 34.
Re7+ Bf7 35. Qe8 h5 36. Qxf7+ Kh6 37. Qh7# 1-0

[Event "DEM U10 2005"]
[Site "Willingen GER"]
[Date "2005.05.19"]
[Round "8"]
[White "Priese, Annika"]
[Black "Meir, Lenz"]
[Result "0-1"]
[Termination "normal"]
[Board "39"]
[WhiteElo "915"]
[BlackElo "993"]
[PlyCount "82"]
[WhiteFideId "24673730"]
[EventCountry "GER"]
[EventRounds "11"]
[EventType "swiss"]
[EventDate "2005.05.15"]

1. e4 c5 2. Nc3 d6 3. g3 Nc6 4. Bg2 g6 5. d3 Bg7 6. f4 Nf6 7. Nf3 Bg4 8. h3
Bxf3 9. Bxf3 e6 10. Be3 O-O 11. Qd2 Nd4 12. Be2 Nxe2 13. Nxe2 Qb6 14. Rb1 Qb4
15. c3 Qa5 16. f5 exf5 17. Bh6 fxe4 18. dxe4 Nxe4 19. Qe3 Rfe8 20. O-O Nxg3 21.
Qxg3 Bxh6 22. Nf4 Bxf4 23. Qxf4 Qc7 24. h4 Re5 25. Rbe1 Rae8 26. Qd2 Qe7 27.
Kf2 Qxh4+ 28. Kg1 Rg5+ 29. Qg2 Rxg2+ 30. Kxg2 Rxe1 31. Rxe1 Qxe1 32. Kf3 Qg1
33. a4 h5 34. Ke4 h4 35. Kd5 h3 36. Kxd6 h2 37. Kc7 h1=Q 38. Kd6 Qc6+ 39. Ke5
Qxa4 40. b3 Qg5+ 41. Kd6 Qc6# 0-1

[Event "DEM U10 2005"]
[Site "Willingen GER"]
[Date "2005.05.19"]
[Round "8"]
[White "Chevelevitch, Valentin"]
[Black "Kalliwoda, Theresa"]
[Result "0-1"]
[Termination "normal"]
[Board "41"]
[WhiteElo "1003"]
[BlackElo "868"]
[PlyCount "58"]
[WhiteFideId "12945587"]
[EventCountry "GER"]
[EventRounds "11"]
[EventType "swiss"]
[EventDate "2005.05.15"]

1. e4 e6 2. d4 d5 3. e5 c5 4. c3 Nc6 5. Nf3 Qb6 6. Be2 Nh6 7. Na3 Nf5 8. Nc2
Be7 9. O-O O-O 10. b3 Qd8 11. Ne3 b6 12. Nxf5 exf5 13. Qc2 f6 14. Bd3 fxe5 15.
Nxe5 Nxe5 16. dxe5 Qe8 17. f4 d4 18. Bc4+ Kh8 19. cxd4 Qg6 20. d5 a6 21. d6 Bd8
22. Bb2 Be6 23. Rad1 b5 24. Bxe6 Qxe6 25. Qxc5 Rb8 26. Qa7 Bb6+ 27. Qxb6 Rxb6
28. Ba3 b4 29. Bb2 a5 0-1

[Event "DEM U10 2005"]
[Site "Willingen GER"]
[Date "2005.05.19"]
[Round "8"]
[White "Princeataia, Elina"]
[Black "von Freydorf, Sofia"]
[Result "1-0"]
[Termination "normal"]
[Board "42"]
[WhiteElo "729"]
[BlackElo "965"]
[PlyCount "65"]
[EventCountry "GER"]
[EventRounds "11"]
[EventType "swiss"]
[EventDate "2005.05.15"]

1. e4 e5 2. Nf3 Nc6 3. Bc4 Be7 4. Nc3 Nf6 5. d3 O-O 6. O-O d6 7. Be3 Be6 8. Qe2
Qd7 9. Rad1 Rad8 10. Rfe1 h6 11. Nd2 Nd4 12. Bxd4 exd4 13. Nd5 c6 14. Nxe7+
Qxe7 15. e5 Ng4 16. Nf3 b5 17. Bb3 Bxb3 18. cxb3 dxe5 19. Nxe5 Nxe5 20. f4 Ng6
21. Qxe7 Nxe7 22. Rxe7 a6 23. f5 Rd6 24. Re4 Rf6 25. Rf1 Rd8 26. g4 g6 27. h4
g5 28. hxg5 hxg5 29. Rf3 Rd5 30. Re8+ Kh7 31. Rh3+ Kg7 32. Rhh8 Rd8 33. Rxd8
1-0